000 00469 a2200181 4500
001 066410
003 OSt
005 20210928113649.0
008
082 _a005.12
_bQ16S
100 1 _aKai, Qian
245 1 _aSoftware architecture and design illuminated
_cby Qian Kai and Fu Xiang
260 _aBoston
_bJones and Bartlett
_c2010
300 _a387p.
690 _aSoftware architecture
700 _aXiang, Fu
942 _2ddc
_cBK
999 _c466
_d466